000
00327nam a2200145Ia 4500
100
_a
Kenan/Kevin
650
_a
Computers
942
_c
BK
654
_a
cryptography
245
_a
Cryptography in the database
260
_b
Pearson Education
_a
Mumbai
_c
2006
082
_a
005.82/KEN
_b
KEN
300
_a
277
546
_a
ENGLISH
999
_c
28253
_d
28253